Sports Quiz

Random Sports or University Quiz
Score 0/20 Timer 05:00
0 Plays Today
Hint Answers % Correct
Team ColorCougar Crimson
71.7%
CityPullman
69.6%
NicknameCougars
59.1%
ConferencePac-12
52.4%
Primary RivalWashington
43.1%
Team ColorDark Steel Gray
40.4%
StateWashington
38.5%
No. of Men's Varsity Sports6
30.8%
No. of Women's Varsity Sports9
29.9%
Famous Alum: QB Drew ____Bledsoe
28.1%
Hint Answers % Correct
Sport w/ most NCAA ChampionshipsMen's Indoor Track & Field (1)
23.1%
Primary RivalIdaho
19.5%
Football StadiumMartin Stadium
17.9%
Famous Alum: 3B ____ CeyRon
17.6%
Famous Alum: F/Coach ____ HeathcoteJud
14.7%
Basketball ArenaBeasley Coliseum
14.1%
MascotButch T. Cougar
13.3%
Fight SongThe Fight Song
11.8%
Baseball StadiumBailey-Brayton Field
9.1%
Athletic DirectorPatrick Chun
8.7%
Remove Ads.
Support Sporcle.
Get the best of Sporcle when you Go Orange. This ad-free experience offers more features, more stats, and more fun while also helping to support Sporcle. Thank you for becoming a member.

You're not logged in!

Compare scores with friends on all Sporcle quizzes.
OR
Log In

Show Comments

Extras

Top Quizzes Today


Score Distribution

Your Account Isn't Verified!

In order to create a playlist on Sporcle, you need to verify the email address you used during registration. Go to your Sporcle Settings to finish the process.

Report this User

Report this user for behavior that violates our Community Guidelines.

Details: